Argentiho A-skóre model v riadení ľudského kapitálu
Prezentácia komplementárneho pohľadu na strategický prístup v riadení ľudského kapitálu prostredníctvom metódy Balanced scorecard a ukazovateľa Návratnosti investícií do ľudského kapitálu (HC ROI) a využitie kvalitatívnej metódy finančnej analýzy - Argentiho A-skóre modelu, ako možnosť interdiscipli...
Saved in:
| Main Author: | |
|---|---|
| Format: | Book Chapter |
| Language: | Slovak |
| Subjects: | |
| Tags: |
No Tags, Be the first to tag this record!
|
MARC
| LEADER | 00000naa a2200000 4500 | ||
|---|---|---|---|
| 001 | 0198549 | ||
| 005 | 20240502073344.5 | ||
| 041 | 0 | |a slo | |
| 044 | |a SK | ||
| 245 | 1 | 0 | |a Argentiho A-skóre model v riadení ľudského kapitálu |c Natália Tarišková |
| 520 | |a Prezentácia komplementárneho pohľadu na strategický prístup v riadení ľudského kapitálu prostredníctvom metódy Balanced scorecard a ukazovateľa Návratnosti investícií do ľudského kapitálu (HC ROI) a využitie kvalitatívnej metódy finančnej analýzy - Argentiho A-skóre modelu, ako možnosť interdisciplinárnej kombinácie kvalitatívnych determinantov výkonnosti podnikov za účelom včasného varovania podniku pred bankrotom. | ||
| 610 | 2 | 0 | |a analýza finančná |
| 610 | 2 | 0 | |a metódy kvantitatívne |
| 610 | 2 | 0 | |a metóda BSC |
| 610 | 2 | 0 | |a situácia finančná podniku |
| 610 | 2 | 0 | |a kapitál ľudský |
| 610 | 2 | 0 | |a riadenie ľudských zdrojov |
| 100 | 1 | |a Tarišková, Natália, 1973- | |